The Party Wall Act explained (Record no. 115856)

MARC details
000 -LEADER
fixed length control field 01058cam a22002535a 4500
001 - CONTROL NUMBER
control field L159388
008 - FIXED-LENGTH DATA ELEMENTS--GENERAL INFORMATION
fixed length control field 080904s2016 xxke f l 001 0 eng d
020 ## - INTERNATIONAL STANDARD BOOK NUMBER
International Standard Book Number 9780955843413
035 ## - SYSTEM CONTROL NUMBER
System control number (Sirsi) u159388
041 0# - LANGUAGE CODE
Language code of text/sound track or separate title eng
050 04 - LIBRARY OF CONGRESS CALL NUMBER
Classification number 692.2 $2 18
100 1# - MAIN ENTRY--PERSONAL NAME
Personal name Pyramus and Thisbe Club
9 (RLIN) 3069
245 04 - TITLE STATEMENT
Title The Party Wall Act explained
Remainder of title a commentary on the Party Wall etc. Act 1996
250 ## - EDITION STATEMENT
Edition statement 3rd ed.
260 ## - PUBLICATION, DISTRIBUTION, ETC.
Place of publication, distribution, etc. London
Name of publisher, distributor, etc. Pyramus and Thisbe Club
Date of publication, distribution, etc. 2016
300 ## - PHYSICAL DESCRIPTION
Extent vi, 185p, 21cm.
520 ## - SUMMARY, ETC.
Summary, etc. Reprints the act in full with interpretation, comment, views and reasoning for each clause. Includes an appendix with suggested letters of appointment of surveyors ,and notices (line of junction notice, party notice structure, acknowledgment of party structure notice, three metre/six metre notice, acknowledgment of three metre/six metre notice).
590 ## - LOCAL NOTE (RLIN)
Local note KA
650 24 - SUBJECT ADDED ENTRY--TOPICAL TERM
Topical term or geographic name entry element PARTY WALL ACT 1996
651 #4 - SUBJECT ADDED ENTRY--GEOGRAPHIC NAME
Geographic name England and Wales
Chronological subdivision 1543-
690 ## - LOCAL SUBJECT ADDED ENTRY--TOPICAL TERM (OCLC, RLIN)
Topical term or geographic name as entry element PROPERTY-PROPERTY MANAGEMENT-EASEMENTS-PARTY WALL SURVEYING
942 ## - ADDED ENTRY ELEMENTS (KOHA)
Suppress in OPAC 0
Holdings
Withdrawn status Lost status Source of classification or shelving scheme Damaged status Not for loan Home library Current library Shelving location Date acquired Total Checkouts Full call number Barcode Date last seen Copy number Price effective from Koha item type
    Dewey Decimal Classification     London London Books 19/01/2017   692.2/PYR 30078361 06/08/2019 1 06/08/2019 Book